00720nam a2200265Ia 4500008004100000020001800041050001000059050001400069100002200083245003200105245005400137245005600191260001900247260001600266260000900282300001500291300002600306300001000332500000900342650002800351650002500379650001900404700002000423700001100443181129s9999 xx 000 0 und d a9780545639101 a629.4 bG653 2013 aGoodman, Susan F. 0aHow do you burp in space? : 4band othe tips every space tourist needs to know / 0cby Susan E. Goodman ; illustrated by Michael Slack. aNew York, NY : bScholastic, c2013 a71 pages : bcolor illustrations ; c22cm. a830L aInterplanetary voyages. aManned space flight. aSpace tourism. aSlack, Michael. aTitle.